Géographie de la France par lettre - D - Statistiques

Statistiques générales
  • Ce quiz a été pris 18 859 fois
    17 390 depuis la dernière actualisation
  • Le résultat moyen est 9 sur 20
Statistiques - réponses
Question Réponse % Correct
Rivière et département rhônalpin Drôme
82%
Fleuve rejoignant la Garonne pour former l'estuaire de la Gironde Dordogne
77%
Département franc-comtois Doubs
76%
Chef-lieu de région française Dijon
62%
Sous préfecture la plus septentrionale de France Dunkerque
62%
Sous-préfecture des Côtes-d'Armor proche de Dinard Dinan
54%
Département du Poitou Deux-Sèvres
49%
Deuxième ville la plus peuplée des Landes Dax
48%
Ville de Seine-Saint-Denis, connue pour son camp d'internement pendant la seconde guerre mondiale Drancy
45%
Chef-lieu des Alpes-de-Haute-Provence Digne-les-Bains
37%
Sous-préfecture du Nord faisant partie de l'Aire métropolitaine de Lille Douai
37%
Deuxième ville la plus peuplée d'Eure-et-Loir Dreux
37%
Rivière alpine se jetant dans le Rhône à Avignon Durance
33%
Sous préfecture de la Seine-Maritime comptant près de 30 000 habitants Dieppe
31%
Ville la plus peuplée du Jura Dole
31%
Préfecture du Var jusqu'en 1974 Draguignan
31%
L'une des trois îles du Salut en Guyane. Elle a servi de bagne pendant longtemps Île du {Diable}
30%
Massif volcanique, situé dans l'ouest du Puy-de-Dôme Monts {Dore}
25%
Région historique et culturelle française, s'étendant principalement sur les Hautes-Alpes, la réponse #2 et l'Isère Dauphiné
21%
Chef-lieu provisoire de Mayotte de 1977 à 2023 Dzaoudzi
9%
Aucun quiz correspondant
Distribution des résultats
% des personnes avec chaque résultat
Percentile par nombre de réponses
Votre historique - résultats
Vous n’avez pas pris ce quiz depuis la dernière actualisation